NFL MVPs from 2003 to 2023 - Statistics

General Stats
  • This quiz has been taken 175 times
  • The average score is 19 of 21
Answer Stats
Hint Answer % Correct
2023 Lamar Jackson
99%
2019 Lamar Jackson
99%
2022 Patrick Mahomes
99%
2018 Patrick mahomes
99%
2017 Tom Brady
99%
2010 Tom Brady
99%
2007 Tom Brady
99%
2013 Peyton Manning
96%
2009 Peyton Manning
96%
2008 Peyton Manning
96%
2004 Peyton Manning
96%
2003 Peyton Manning
96%
2021 Aaron Rodgers
93%
2020 Aaron Rodgers
93%
2014 Aaron Rodgers
93%
2011 Aaron Rodgers
93%
2012 Adrian Peterson
82%
2015 Cam Newton
82%
2016 Matt Ryan
77%
2006 Ladainian Tomlinson
62%
2005 Shaun Alexander
53%
No matching quizzes found
Score Distribution
Percent of People with Each Score
Percentile by Number Answered
Your Score History
You have not taken this quiz